<?xml version="1.0" encoding="UTF-8"?>
<collection xmlns="http://www.loc.gov/MARC21/slim">
 <record>
  <leader>02205nam a2200325 a 4500</leader>
  <controlfield tag="001">TVCDKTCT1981</controlfield>
  <controlfield tag="003">Thư viện trường Cao đẳng Kỹ thuật Cao Thắng</controlfield>
  <controlfield tag="005">20221024134343.000</controlfield>
  <controlfield tag="008">050811</controlfield>
  <datafield tag="980" ind1="\" ind2="\">
   <subfield code="a">Thư viện Trường CĐ Kỹ Thuật Cao Thắng</subfield>
  </datafield>
  <datafield tag="024" ind1=" " ind2=" ">
   <subfield code="a">RG_1 #1 eb0 i1</subfield>
  </datafield>
  <datafield tag="041" ind1="0" ind2="#">
   <subfield code="a">vie</subfield>
  </datafield>
  <datafield tag="082" ind1="#" ind2="#">
   <subfield code="a">620.1 / </subfield>
   <subfield code="b">NG527S-v</subfield>
  </datafield>
  <datafield tag="100" ind1="1" ind2="#">
   <subfield code="a">Nguyễn Văn Sắt</subfield>
  </datafield>
  <datafield tag="245" ind1="0" ind2="0">
   <subfield code="a">Vật liệu cơ khí và công nghệ kim loại / </subfield>
   <subfield code="c">Nguyễn Văn Sắt</subfield>
  </datafield>
  <datafield tag="250" ind1="#" ind2="#">
   <subfield code="a">In lần thứ 1</subfield>
  </datafield>
  <datafield tag="260" ind1="#" ind2="#">
   <subfield code="a">H. : </subfield>
   <subfield code="b">Công nhân kỹ thuật , </subfield>
   <subfield code="c">1978</subfield>
  </datafield>
  <datafield tag="300" ind1="#" ind2="#">
   <subfield code="a">379tr. ; </subfield>
   <subfield code="c">19cm</subfield>
  </datafield>
  <datafield tag="520" ind1="#" ind2="#">
   <subfield code="a">- Phần thứ ba:  Giới thiệu các công nghệ gia công kim loại cơ bản như đúc, gia công áp lực, hàn cắt kim loại, gia công cắt gọt kim loại.</subfield>
  </datafield>
  <datafield tag="520" ind1="#" ind2="#">
   <subfield code="a">- Phần thứ hai:  Vật liệu kim loại. Giới thiệu các tính chất của những vật liệu không kim loại thường sử dụng trong ngành cơ khí như chất dẻo, bột mài cao su, amian, da thuộc, gỗ, dầu mỡ bôi trơn, xăng, dầu điêden, dung dịch làm nguội.</subfield>
  </datafield>
  <datafield tag="520" ind1="#" ind2="#">
   <subfield code="a">- Phần thứ nhất: Vật liệu kim loại và nhiệt luyện, giới thiệu những tính chất chung  của kim loại, các tính chất của gang, thép, hợp kim cứng, kim loại màu và hợp kim màu, sự biến đổi tính chất của kim loại  khi nhiệt luyện và các phương pháp nhiệt luyện, các hiện tượng ăn mòn kim loại và các phương pháp chống ăn mòn.</subfield>
  </datafield>
  <datafield tag="520" ind1="#" ind2="#">
   <subfield code="a">Nội dung cuốn sách &quot;Vật liệu cơ khí và công nghệ kim loại&quot;gồm 3 phần :</subfield>
  </datafield>
  <datafield tag="650" ind1="#" ind2="4">
   <subfield code="a">Công nghệ kim loại</subfield>
  </datafield>
  <datafield tag="650" ind1="#" ind2="4">
   <subfield code="a">Vật liệu cơ khí</subfield>
  </datafield>
  <datafield tag="653" ind1="#" ind2="#">
   <subfield code="a">Mechanical Materials and Metal Processing Methods</subfield>
  </datafield>
  <datafield tag="653" ind1="#" ind2="4">
   <subfield code="a">Mechanical Engineering Technology</subfield>
  </datafield>
  <datafield tag="721" ind1="#" ind2="#">
   <subfield code="a">CNKT Cơ điện tử</subfield>
  </datafield>
  <datafield tag="721" ind1="#" ind2="#">
   <subfield code="a">CNKT Cơ khí</subfield>
  </datafield>
  <datafield tag="721" ind1="#" ind2="#">
   <subfield code="a">CNKT Ô tô</subfield>
  </datafield>
  <datafield tag="841" ind1="#" ind2="#">
   <subfield code="b">Kho Sách </subfield>
   <subfield code="j">100001725, 100009540</subfield>
  </datafield>
 </record>
</collection>
